Statystyki dla White 2115 - Młody Książe

Kliknij tutaj aby rozwiązać quiz!

Ogólne statystyki

  • Ten quiz został rozwiązany 44 razy
  • Średni wynik to 14 z 19

Statystyki odpowiedzi

NumerTytułGość% Poprawnych
12AMGMalik Montana & Pablo 2115
93%
7+48Jan-Rapowanie
90%
5Młody Książe
90%
18Mogę Dziś Umierać
88%
4Pałac
85%
14John TravoltaŻabson
80%
6Trzy Butelki
80%
17RokKuqe 2115
78%
1Flesz
75%
13D.Evil
73%
8DMC
70%
19IntruzLuna
70%
2Triple S
68%
9Byliśmy tu
65%
3GTR
65%
16Wampir
65%
15M550iPlanBe
63%
11Nie Chcę
55%
10Na Zawsze
50%

Rozkład punktacji

Percentyl według liczby udzielonych odpowiedzi

Procent ludzi z każdym wynikiem

Twoja historia wyników

Nie rozwiązałeś tego quizu